Kultúrne aspekty marketingového mixu bakalárska práca

Guardado en:
Detalles Bibliográficos
Autor principal: Černáková, Michaela
Autor Corporativo: Obchodná fakulta EU. Katedra marketingu
Otros Autores: Matušovičová, Monika, 1967-
Formato: Libro
Lenguaje:eslovaco
Publicado: Bratislava 2012
Etiquetas: Agregar Etiqueta
Sin Etiquetas, Sea el primero en etiquetar este registro!

MARC

LEADER 00000nbm a2200000 4500
001 0154612
005 20161109111854.7
041 0 |a slo 
044 |a SK 
245 1 0 |a Kultúrne aspekty marketingového mixu  |b bakalárska práca  |c Michaela Černáková ; školiteľ: Monika Matušovičová 
264 1 |a Bratislava  |c 2012 
300 |a 63 s. 
100 1 |a Černáková, Michaela 
700 1 |a Matušovičová, Monika, 1967- 
710 2 |a Obchodná fakulta EU. Katedra marketingu